000 00644nam a2200205Ii 4500
003 JO-AjNU
008 230605s9999||||xx |||||||||||||| ||und||
017 _a2009/6/2502
040 _aJO-AjNU
_bara
_erda
_cJO-AjNU
041 _aara
050 1 4 _aQA76.75.Y37 2010
100 3 _aياسين، سعد غالب ,
_eauthor
_931630
245 0 0 _aنظم ادارة قواعد البيانات
264 3 1 _aعمان:دار اليازوري ، 2010
300 _a318ص
336 _atext
_btxt
_2rdacontent
337 _aunmediated
_bn
_2rdamedia
338 _avolume
_bnc
_2rdacarrier
650 4 _aقواعد البيانات- حاسوب
_931631
999 _aA12672
_c16240
_d16240